Statistiques concernant Anatomie d'un fleuve # le Niger

Cliquez ici pour prendre le quiz!

Statistiques générales

  • Ce quiz a été pris 10 fois
  • Le résultat moyen est 12 sur 22

Statistiques - réponses

QuestionRéponse% Correct
Première capitale qu'il traverseBamako
90%
Autre capitale traversée par le NigerNiamey
90%
Pays dans lequel le Niger reçoit son principal affluent, la BenouéNigeria
90%
Pays longé par le fleuve (ce n'est pas bien grave)Bénin
80%
Guinée
80%
Ville historique très renommée située à quelques kilomètres du NigerTombouctou
80%
Culture céréalière irriguée par le fleuveRiz
70%
Ethnie traditionnellement nomade présente dans la région, autrefois appelée "Hommes bleus"Touareg
70%
Grand mammifère barbotant volontiers dans ses eaux, réputé acariâtre, mais dorénavant très rareHippopotame
60%
Type d'embarcation traditionnelle des agriculteurs des rives du NigerPinasse
60%
Pays à la frontière desquels le Niger prend sa sourceSierra Leone
60%
Zone semi-aride bordant le Sahara et traversée par le fleuveSahel
50%
Zone où le fleuve s'étale en de multiples bras{Delta} intérieur
40%
Ville malienne fondée au VIIe siècleGao
40%
Partie de L'océan Atlantique où se jette le NigerGolfe de Guinée
40%
Importante ressource naturelle exploitée dans le delta du NigerPétrole
40%
Voyageur et diplomate maghrébin qui a contribué à faire connaître la région au XVe siècleLéon l'{Africain}
30%
Peuple de pasteurs pratiquant l'élevage dans cette zone (entre autres)Peuls
30%
Principale ville du delta du NigerPort {Harcourt}
20%
Etat africain médiéval largement traversé par le NigerEmpire {mandingue}
10%
Explorateur d'origine berbère qui a parcouru plus de 120 000 km au XIVe siècle, jusqu'au fleuve NigerIbn Battûta
10%
Explorateur écossais (bien que son nom "sonne" coréen) qui a le premier décrit une partie du cours du fleuveMungo Park
10%

Distribution des résultats

Percentile par nombre de réponses

% des personnes avec chaque résultat

Votre développement - résultats

Vous n’avez pas pris ce quiz